000
00302 a2200145 4500
001
169026
020
_a
040
_c
Magnum
100
_a
Marin, Alda Junqueira (Org.)
240
1
0
_a
Educacao continuada
_l
por
245
1
0
_a
Educacao continuada
362
0
_a
1899
697
_a
ENSINO
942
_c
BK
999
_c
169026
_d
169026